Giáo trình dinh dưỡng (Dùng trong các trường THCN)
Giới thiệu mục tiêu, nội dung học tập và đánh giá các thông tin liên quan đến dinh dưỡng, xây dựng khẩu phần cho người bệnh, ngộ độc, thiếu máu, thiếu iốt... và cách lựa chọn thực phẩm tại cộng đồng....
Kaydedildi:
| Yazar: | |
|---|---|
| Materyal Türü: | Kitap |
| Dil: | Undetermined |
| Baskı/Yayın Bilgisi: |
Hà Nội
Nhà xuất bản Hà Nội
2007
|
| Konular: | |
| Etiketler: |
Etiketle
Etiket eklenmemiş, İlk siz ekleyin!
|
| Thư viện lưu trữ: | Trung tâm Học liệu Trường Đại học Cần Thơ |
|---|
| LEADER | 00946nam a2200217Ia 4500 | ||
|---|---|---|---|
| 001 | CTU_142792 | ||
| 008 | 210402s9999 xx 000 0 und d | ||
| 020 | |c 10000 | ||
| 082 | |a 613.2 | ||
| 082 | |b Đ552 | ||
| 100 | |a Đồng, Ngọc Đức | ||
| 245 | 0 | |a Giáo trình dinh dưỡng | |
| 245 | 0 | |b (Dùng trong các trường THCN) | |
| 245 | 0 | |c Đồng Ngọc Đức chủ biên | |
| 260 | |a Hà Nội | ||
| 260 | |b Nhà xuất bản Hà Nội | ||
| 260 | |c 2007 | ||
| 520 | |a Giới thiệu mục tiêu, nội dung học tập và đánh giá các thông tin liên quan đến dinh dưỡng, xây dựng khẩu phần cho người bệnh, ngộ độc, thiếu máu, thiếu iốt... và cách lựa chọn thực phẩm tại cộng đồng. | ||
| 650 | |a Nutrition,Food | ||
| 904 | |i Nguyên | ||
| 980 | |a Trung tâm Học liệu Trường Đại học Cần Thơ | ||